000 00440nam a2200181Ia 4500
001 1220
005 20260306140616.0
008 260306t2011||||xx |||||||||||||| ||spa||
041 _aESP
082 _a189.4
_bD285
100 _aDuns Escoto, Juan, Beato
_eAUT
245 0 _aFilosofía y teología, Dios y el hombre
260 _c2011
300 _a394 páginas :
_c20 cm.
650 _aGEN
654 _aCHU
942 _cLIB
_dJUS
_fJUS
_2ddc
_n
999 _c1220
_d1220